000 00534nam a22001937a 4500
999 _c10933
_d10933
003 AR-CdUCM
008 190402b ||||| |||| 00| 0 spa d
020 _a84-02-03025-4
040 _aMUNICIPALIDAD PROVINCIAL DEL CUSCO
_cBIBLIOTECA MUNICIPAL DEL CUSCO
082 _aEP / 839 /
_bS75
100 _aSpyri, Juana
_926891
245 _aHeidi /
260 _aBarcelona :
_bBruguera,
_c1973.
300 _a124 paginas
_c27 cm.
505 _aContenido :Heidi.
650 _aHistorietas
_910786
942 _2ddc
_cLIBROS
945 _arum